| 000 | 00563nam a22002057a 4500 | ||
|---|---|---|---|
| 003 | OSt | ||
| 005 | 20210421080328.0 | ||
| 008 | 210224s1972 ||||| |||| 00| 0 eng d | ||
| 040 |
_aeng _beng _cDLC |
||
| 041 | _aeng | ||
| 080 |
_a821.111 _bC-25 |
||
| 100 |
_91113 _aCarr, L., J, |
||
| 245 |
_aThe Harpole Report _c/ by: Secker and Warburg |
||
| 260 |
_aLondon _bSecker and Warburg _c1972 |
||
| 300 | _a164 p. | ||
| 365 | _b1.75 gbp | ||
| 650 | 0 |
_9254 _aEnglish literature |
|
| 653 | _aინგლისური ლიტერატურა | ||
| 942 |
_2udc _cBK |
||
| 999 |
_c1700 _d1700 |
||